Sports Quiz

Random Sports or Hockey Quiz

Most Facebook Liked NHL Players Quiz Stats

 Plays Quiz not verified by Sporcle

Support Sporcle.
Go Orange.
Score 0/180 Timer 20:00
0 Plays Today
Team Player % Correct
Pittsburgh PenguinsSidney Crosby
89.4%
Chicago BlackhawksPatrick Kane
85.6%
Atlanta ThrashersEvander Kane
84.8%
Chicago BlackhawksJonathan Toews
82.6%
Pittsburgh PenguinsEvgeni Malkin
82.6%
Buffalo SabresRyan Miller
80.3%
Carolina HurricanesEric Staal
79.5%
Pittsburgh PenguinsJordan Staal
79.5%
Anaheim DucksRyan Getzlaf
78%
Calgary FlamesJarome Iginla
78%
Anaheim DucksCorey Perry
77.3%
Washington CapitalsAlexander Ovechkin
76.5%
Boston BruinsZdeno Chara
75.8%
Detroit Red WingsPavel Datsyuk
74.2%
Vancouver CanucksHenrik Sedin
74.2%
Vancouver CanucksDaniel Sedin
74.2%
Columbus Blue JacketsRick Nash
73.5%
Detroit Red WingsHenrik Zetterberg
73.5%
Anaheim DucksTeemu Selanne
72%
Boston BruinsTim Thomas
71.2%
Dallas StarsBrad Richards
70.5%
Philadelphia FlyersMike Richards
70.5%
Edmonton OilersTaylor Hall
69.7%
San Jose SharksJoe Thornton
68.9%
Los Angeles KingsAnze Kopitar
68.2%
Montreal CanadiensCarey Price
67.4%
Vancouver CanucksRoberto Luongo
67.4%
Detroit Red WingsNicklas Lidstrom
66.7%
New Jersey DevilsIlya Kovalchuk
65.9%
Buffalo SabresThomas Vanek
65.2%
New Jersey DevilsZach Parise
65.2%
New York RangersHenrik Lundqvist
65.2%
Tampa Bay LightningSteven Stamkos
65.2%
Phoenix CoyotesShane Doan
64.4%
Carolina HurricanesCam Ward
63.6%
New York IslandersJohn Tavares
63.6%
Tampa Bay LightningVincent Lecavalier
63.6%
Vancouver CanucksRyan Kesler
62.9%
Washington CapitalsNicklas Backstrom
62.9%
Anaheim DucksSaku Koivu
62.1%
Minnesota WildMikko Koivu
62.1%
New Jersey DevilsMartin Brodeur
62.1%
Anaheim DucksJonas Hiller
61.4%
Anaheim DucksBobby Ryan
61.4%
Ottawa SenatorsDaniel Alfredsson
61.4%
Philadelphia FlyersJeff Carter
61.4%
Toronto Maple LeafsPhil Kessel
61.4%
Tampa Bay LightningMartin St. Louis
60.6%
Calgary FlamesMikka Kiprusoff
59.8%
New York RangersMarian Gaborik
59.8%
San Jose SharksPatrick Marleau
59.8%
Chicago BlackhawksDuncan Keith
59.1%
Ottawa SenatorsJason Spezza
59.1%
San Jose SharksDany Heatley
59.1%
Washington CapitalsAlexander Semin
59.1%
Buffalo SabresDerek Roy
58.3%
Chicago BlackhawksMarian Hossa
58.3%
Boston BruinsPatrice Bergeron
57.6%
Nashville PredatorsShea Weber
57.6%
Atlanta ThrashersDustin Byfuglien
56.8%
Team Player % Correct
Florida PanthersTomas Vokoun
56.8%
Montreal CanadiensBrian Gionta
56.8%
Pittsburgh PenguinsMarc-Andre Fleury
56.8%
Boston BruinsTuukka Rask
56.1%
Chicago BlackhawksPatrick Sharp
56.1%
Los Angeles KingsDustin Brown
56.1%
Boston BruinsMilan Lucic
54.5%
Los Angeles KingsJonathan Quick
54.5%
Nashville PredatorsPekka Rinne
54.5%
San Jose SharksAntti Niemi
54.5%
Phoenix CoyotesIlya Bryzgalov
53%
Colorado AvalancheMatt Duchene
52.3%
Atlanta ThrashersChris Mason
51.5%
Columbus Blue JacketsSteve Mason
51.5%
Washington CapitalsMike Green
50.8%
Detroit Red WingsJimmy Howard
50%
Los Angeles KingsDrew Doughty
50%
Calgary FlamesOlli Jokinen
49.2%
Carolina HurricanesJussi Jokinen
49.2%
Chicago BlackhawksMarty Turco
49.2%
Dallas StarsBrenden Morrow
49.2%
Edmonton OilersJordan Eberle
49.2%
Toronto Maple LeafsDion Phaneuf
49.2%
Buffalo SabresJason Pominville
48.5%
Edmonton OilersAles Hemsky
48.5%
Philadelphia FlyersDaniel Briere
47.7%
San Jose SharksDan Boyle
47.7%
St. Louis BluesJaroslav Halak
47.7%
Vancouver CanucksAlexandre Burrows
47.7%
Montreal CanadiensP.K. Subban
47%
Carolina HurricanesJeff Skinner
46.2%
Montreal CanadiensMike Cammalleri
46.2%
Pittsburgh PenguinsKris Letang
46.2%
Boston BruinsTyler Seguin
45.5%
New Jersey DevilsPatrick Elias
45.5%
Los Angeles KingsRyan Smyth
44.7%
Florida PanthersDavid Booth
43.9%
Colorado AvalancheMilan Hejduk
43.2%
Washington CapitalsSemyon Varlamov
43.2%
Minnesota WildMartin Havlat
42.4%
Nashville PredatorsMike Fisher
42.4%
Atlanta ThrashersAndrew Ladd
41.7%
Buffalo SabresTyler Myers
41.7%
San Jose SharksJoe Pavelski
41.7%
Calgary FlamesAlex Tanguay
40.9%
Detroit Red WingsChris Osgood
40.9%
New York IslandersKyle Okposo
40.9%
Philadelphia FlyersClaude Giroux
40.9%
New York IslandersMatt Moulson
40.2%
Dallas StarsMike Ribeiro
39.4%
New York IslandersRick Dipietro
39.4%
New York RangersRyan Callahan
37.9%
St. Louis BluesDavid Backes
36.4%
Phoenix CoyotesRay Whitney
35.6%
Montreal CanadiensTomas Plekanec
34.8%
New York RangersSean Avery
34.8%
New York RangersBrandon Dubinsky
34.8%
Pittsburgh PenguinsAlex Kovalev
34.8%
Los Angeles KingsDustin Penner
34.1%
St. Louis BluesT.J. Oshie
34.1%
Team Player % Correct
Montreal CanadiensAndrei Kostitsyn
31.8%
Dallas StarsJamie Langenbrunner
31.1%
Minnesota WildBrent Burns
31.1%
Nashville PredatorsSergei Kostitsyn
31.1%
Colorado AvalanchePeter Forsberg
30.3%
Ottawa SenatorsSergei Gonchar
30.3%
Calgary FlamesRene Bourque
29.5%
Colorado AvalancheAdam Foote
29.5%
Edmonton OilersSam Gagner
29.5%
Toronto Maple LeafsLuke Schenn
29.5%
Atlanta ThrashersBlake Wheeler
28.8%
Atlanta ThrashersNik Antropov
28.8%
Colorado AvalancheJohn-Michael Liles
28.8%
Tampa Bay LightningVictor Hedman
28%
Toronto Maple LeafsJames Reimer
28%
Ottawa SenatorsErik Karlsson
27.3%
Carolina HurricanesTuomo Ruutu
26.5%
Washington CapitalsBrooks Laich
25.8%
Columbus Blue JacketsJakub Voracek
24.2%
Philadelphia FlyersKris Versteeg
23.5%
Minnesota WildCal Clutterbuck
22.7%
Tampa Bay LightningRyan Malone
22.7%
Toronto Maple LeafsTyler Bozak
22.7%
Buffalo SabresMike Grier
22%
Minnesota WildJose Theodore
22%
St. Louis BluesAlex Pietrangelo
22%
Colorado AvalanchePeter Budaj
21.2%
New York RangersDerek Boogaard
21.2%
Dallas StarsSteve Ott
20.5%
Ottawa SenatorsChris Neil
18.9%
St. Louis BluesDavid Perron
18.9%
Toronto Maple LeafsNazem Kadri
18.9%
Edmonton OilersAndrew Cogliano
18.2%
Edmonton OilersLinus Omark
17.4%
Columbus Blue JacketsDerick Brassard
16.7%
Florida PanthersSergei Samsonov
16.7%
Philadelphia FlyersMichael Leighton
15.2%
Vancouver CanucksCody Hodgson
15.2%
Calgary FlamesNiklas Hagman
14.4%
Nashville PredatorsJordin Tootoo
14.4%
Tampa Bay LightningSteve Downie
14.4%
Columbus Blue JacketsScottie Upshall
13.6%
Detroit Red WingsJustin Abdelkader
12.9%
New York IslandersJosh Bailey
12.1%
Minnesota WildMatt Cullen
11.4%
Carolina HurricanesTim Gleason
10.6%
Columbus Blue JacketsMathieu Garon
9.8%
New Jersey DevilsMattias Tedenby
9.8%
Dallas StarsAdam Burish
9.1%
Phoenix CoyotesMikkel Boedker
9.1%
New Jersey DevilsDavid Clarkson
8.3%
Phoenix CoyotesTaylor Pyatt
8.3%
Florida PanthersDarcy Hordichuk
7.6%
New York IslandersFrans Nielson
7.6%
Nashville PredatorsFrancis Bouillon
6.8%
Ottawa SenatorsPeter Regin
6.1%
Phoenix CoyotesLauri Korpikoski
5.3%
St. Louis BluesMatt D'Agostini
5.3%
Florida PanthersJacob Markstrom
4.5%
Florida PanthersJack Skille
3.8%

You're not logged in!

Compare scores with friends on all Sporcle quizzes.
OR
Log In

From the Vault

Movie Titles Said in Movie II

by ddd62291

How else is the audience supposed to know the movie title if you don't have a character say it in the movie somewhere?
Remove Ads.
Support Sporcle.
Get the best of Sporcle when you Go Orange. This ad-free experience offers more features, more stats, and more fun while also helping to support Sporcle. Thank you for becoming a member.

Show Comments

Extras

Top Quizzes Today


Score Distribution

Your Account Isn't Verified!

In order to create a playlist on Sporcle, you need to verify the email address you used during registration. Go to your Sporcle Settings to finish the process.

Report this User

Report this user for behavior that violates our Community Guidelines.

Details: